00240 a2200097 450000500170000002000180001708200160003510000160005124500320006730000430009920250625154623.0 a0-13-087902-9 a658.4012DAV aDAVID, F.R. aStrategic Management: Cases axxxii, 432,: ill.; figure, tablec25cm